Explorar os números (Registo nº 4321)
[ vista simples ]
| 000 -Etiqueta do registo | |
|---|---|
| Cabeçalho | 00751nam a2200253 4500 |
| 005 - Identificador da versão | |
| Campo de controlo | 20240813122058.0 |
| 010 ## - Número internacional normalizado dos livros (ISBN) | |
| Número (ISBN) | 9728668007 |
| 021 ## - Número do Depósito Legal | |
| Código do país | PT |
| Número | 161146/01 |
| 100 ## - Dados gerais de processamento | |
| Dados gerais de processamento | 20060704d2001 k y0pory5003 ba |
| 102 ## - Pais de publicação ou produção | |
| País de publicação | Portugal |
| 101 0# - Língua de publicação | |
| Língua do texto, banda sonora, etc. | Português |
| 215 ## - Descrição física | |
| Indicação específica da natureza do documento e extensão da espécie | 32 p. |
| Outras indicações físicas | il. |
| Dimensões | 27 cm |
| 200 1# - Titulo e menção de responsabilidade | |
| Título próprio | Explorar os números |
| Primeira menção de responsabilidade | Andrew King |
| 225 1# - Colecção | |
| Título próprio da colecção | Matemática divertida |
| Informação de outro título da colecção | projectos de jogos de matemática divertidos e fáceis de realizar |
| 210 ## - Publicação, Distribuição, etc. | |
| Lugar da edição, distribuição, etc. | [S.l.] |
| Nome do editor, distribuidor, etc. | ABZ |
| Data da publicação, distribuição, etc. | cop. 2001 |
| 300 ## - Notas gerais | |
| Texto da nota | Título original da obra: Exploring numbers |
| Texto da nota | Título original da colecção: Maths for fun |
| 675 ## - Classificação Decimal Universal (CDU) | |
| Notação | 51:37.02 |
| Edição | BN |
| Língua da edição | por |
| 700 #1 - Nome de autor-pessoa física (responsabilidade principal) | |
| Número de registo de entrada de autoridade | 0001028 |
| Palavra de ordem | KING |
| Outra parte do nome não tomada para palavra de ordem | Andrew |
| 942 ## - Elementos de entrada adicionados (Koha) | |
| Tipo de item no Koha | Livro |
| Situação do levantamento | Origin of item (home branch) (coded) | Biblioteca de empréstimo | Código de barras | Cota | Circulation type (not for loan) | Tipo de documento | Nota do exemplar | Damaged status |
|---|---|---|---|---|---|---|---|---|
| Biblioteca Escolar das Vendas | Biblioteca Escolar das Vendas | BEV858 | 5MAT KIN | Livro | Sem mensagem |
